000 00823nam a22002417a 4500
003 OSt
005 20150729015723.0
008 110907s2014 enk g 000 0 eng d
020 _a9781292040523
040 _cMa-ua
_aara
082 _221
_a808.042
_bAJL
100 1 _aAaron, Jane E.
_949785
245 1 0 _aThe Little, Brown compact handbook :
_bwith exercises /
_cJane E. Aaron.
250 _a8Th ed, Pearson new international edition.
260 _aHarlow :
_bPearson,
_c2014.
300 _a iv, 532 p. :
_bill. (some col.) ;
_c28 cm.
490 1 _aPearson custom library
500 _aIncludes index.
650 0 _aEnglish language
_xGrammar
_vHandbooks, manuals, etc.
_949786
650 0 _aEnglish language
_xRhetoric
_v Handbooks, manuals, etc.
_949787
830 0 _aPearson custom library
_949788
942 _2ddc
_cBOOK
999 _c37783
_d272283